000
00206nam a22000857a 4500
008
170527b xxu||||| |||| 00| 0 eng d
100
_9
3168
_a
Swindoll.L.R.
245
_a
Archaeology Hand Book
260
_a
USA
_c
2008
999
_c
6471
_d
6471